000 00425nam a2200157 i 4500
001 bg
100 1 _aBRIKS, Wojciech
245 0 _aZastosowanie izotopów promieniotwórczych w odlewnictwie /
_cWojciech Briks, Jan Marcinkowski.
260 _aWarszawa,
_c1969.
700 1 _aMARCINKOWSKI, Jan
040 _cBPK
041 _apol
080 _a621.74:621.039.8
942 _cKS
008 s pl f |000 0 pol
999 _c25974
_d25974
856 _uhttp://koha.tu.koszalin.pl/cgi-bin/koha/opac-detail.pl?biblionumber=25974
_yKatalog online BPK